| 000 | 00843nam a2200193 4500 | ||
|---|---|---|---|
| 003 | UA-OsUOA | ||
| 005 | 20220413132930.0 | ||
| 008 | 220413b un ||||| |||| 00| 0 ukr d | ||
| 040 |
_aUA-OsUOA _bukr _cUA-OsUOA _dUA-OsUOA |
||
| 041 | _aukr | ||
| 080 | _a908 | ||
| 090 | _a908 | ||
| 100 | _aКарліна О. | ||
| 245 |
_aЗемлеволодіння Дерманського Святотроїцького монастиря у другій половині XVIII – перших десятиліттях XIX ст. _cОксана Карліна |
||
| 300 | _aС.49-64 | ||
| 650 | _2UDC | ||
| 773 | 0 |
_0572168 _9465472 _aНаціональна академія наук України _dРівне Коло 2021 _o164381 _tДермань і Мізоч в історії та культурі Волині _z9789660290570 |
|
| 942 |
_2udc _cBKA |
||
| 999 |
_c572406 _d572406 |
||